00762nam a2200193Ia 4500001001100000003001000011008004100021040002500062041001300087100002000100245002200120250001100142260009400153300001200247500007600259501011400335520007600449650004300525L966-45144IT-CnALBA170116s9999||||xx |||||||||||||| ||und|| aIT-CnALBAcIT-CnALBA aITALIANO aROSSARO ANTONIO 0aTRENTINO NOSTRO.  a1a ed. aROMA TREVISO PARMAbBUFFETTI LUIGI EDITOREc1916 [1° Ed.:1916 - Ed.Ling.Originale: 1916] a217 p.  aIL TRENTINO. FIACCOLA SOTTO IL MOGGIO. TRA PASSATO E PRESENTE. ATTESA.  aSocietà San Paolo EM - Piazza San Paolo, 14 - 12051 ALBA (CN) (non commercial uses only) ® Copyright 2017 aIL TRENTINO. FIACCOLA SOTTO IL MOGGIO. TRA PASSATO E PRESENTE. ATTESA.  aMONOGRAFIE STOR. DI LOCAL. ITAL.-ESTER